000 00622nam a2200217 4500
003 OSt
005 20260601193839.0
008 260513b1967 |||a|||| |||| 001 0 eng d
040 _aICI
_bspa
_cICI
050 _aNC1002
_b.H46
100 1 _aHenrion, FHK
245 1 _aDesign Coordination and Corporate Image
264 _bVan Nostrand Reinhold Co, NY
_c1967
_aEstados Unidos de América
300 _a208 páginas
336 _atexto
_2rdacontent
337 _asin medio
_2rdamedia
338 _avolumen
_2rdacarrier
500 _aReferente de mi Vida Profesional
700 _aAlan Parkin
_eAutor
942 _2lcc
_cB
_n1
999 _c21355
_d21355